000 00446nam a2200145Ia 4500
008 100122s9999 xx 000 0 und d
082 _b22100
_a823
100 _aहसमनीस द का
245 _aछंद प्रीतीचा
260 _bमनमोहिनी प्रकाशन
_c1975
300 _a118
630 _aछंद प्रीतीचा
730 _aछंद प्रीतीचा
942 _cBOOK
999 _c410054
_d410051